000 00960nam a22001815i 4500
001 156384
003 ES-MaACL
005 20230906210410.0
008 990701s1896 fr |||| | fre d
040 _aGA
_bspa
_cCCPB | 3D
100 1 _aJoannis, A.
_966680
245 1 0 _aTraité de chimie organique apliquée /
_cpar A. Joannis.
260 _aParis :
_b[s.n.],
_c1896 (
_fGauthier-Villars et fils)
300 _a2 v. (688, 715 p.) ;
_c25 cm.
505 8 _aEn port. : Tome premier : Géneralités, carbures, alcools, phénols, éthers, aldéhydes, cétones, quinones, sucres -- Tome II : Hydrates de carbone, acides monobasiques a fonction simple et acides a fonctions mixtes, alcalis organiques, amides, nitriles, carbylamines composés azoiques et diazoiques, composés organo-métalliques matières alberminoides, fermentations, conservation des matières fermentescibles
752 _aFrancia -
_dParís
852 _aES-MaACL
_jG-5858-5859
_z-- Rúst.
999 _c156384
_d156384